000 00735nam a2200289Ia 4500
005 20260324114134.0
008 008 260324s9999 xx 000 0 eng d
020 _a9781003340577
037 _aEBOOK
040 _aCRL
040 _beng
040 _cCRL
041 _2eng
041 _aeng
084 _qCRL
100 _aT.D. Subash; J. Ajayan; Wladek Grabinski
_91149590
245 0 _aOrganic and Inorganic Light Emitting Diodes
245 0 _bReliability Issues and Performance Enhancement
260 _bTaylor and Francis
260 _c2023
365 _a
365 _b290
856 _uhttp://www.taylorfrancis.com/books/9781003340577
942 _cEBOOK
999 _c1739602
_d1739602